| 000 | 00525nam a22001937a 4500 | ||
|---|---|---|---|
| 003 | OSt | ||
| 005 | 20140310181718.0 | ||
| 008 | 130218t xxu||||| |||| 00| 0 eng d | ||
| 020 | _a9789715846202 | ||
| 050 |
_aHF 5691 _b.N318 2007 |
||
| 245 |
_aMathematics of investment _cVictoria C. Naval ... [et al.] |
||
| 260 |
_aQuezon City : _bC&E Pub., _c2007. |
||
| 300 |
_a196 p. : _bill. ; _c26 cm. |
||
| 521 | _aBSBA | ||
| 650 | _aFinance. | ||
| 650 | _aMathematics of investment | ||
| 942 |
_2lcc _cBK _kLOC |
||
| 999 |
_c1860 _d1860 |
||